000 01490nam a2200421 i 4500
001 192653
003 SpMaBN
005 20250819170109.0
007 ta
008 230508s2021 sp | |||| 000 0 spad
015 _aMON21
017 _aM 5527-2021
_bOficina Depósito Legal Madrid
020 _a9788412260090
040 _aSpMaBN
_bspa
_cSpMaBN
_erda
080 _a82 Pardo Bazán, Emilia, Condesa de
080 _a323.23-055.2
100 1 _aAleixandre, Marilar,
_d1947-
_eaut
_9174701
245 1 0 _aMoviendo los marcos del patriarcado :
_bel pensamiento feminista de Emilia Pardo Bazán /
_cMarilar Aleixandre y María López-Sández ; traducción al castellano, Marilar Aleixandre
250 _aPrimera edición, 2021
264 1 _a[Madrid]
_bMénades,
_c2021
300 _a202 páginas ;
_c21 cm
336 _aTexto
_2rdacontent
337 _asin mediación
_2rdamedia
338 _avolumen
_2rdacarrier
490 1 _aTrincheras
500 _aÍndice
504 _aBibliografía: páginas 191-202
534 _pTraducción de: Movendo os marcos do patriarcado
600 1 4 _aPardo Bazán, Emilia,
_cCondesa de,
_d1851-1921
_9176434
650 7 _aFeminismo
_2embne
_912744
700 _aLópez Sández, María,
_d1973-
_9176435
_eaut
830 1 _aTrincheras
_9193619
852 _aEs-MaACL
_bR.153078
_jN-8272
_cDEPOJ
_hDonación: Editorial
_9199949
942 _n0
_cMONOGRAFIA
999 _c192653
_d192653